| 000 | 00582cam a2200229ua 4500 | ||
|---|---|---|---|
| 001 | 9351 | ||
| 005 | 20260515114445.0 | ||
| 008 | 150806n ii |||gr||||Z||||||hin | ||
| 020 | _a9788190866835 | ||
| 040 | _cMAIN | ||
| 041 | _ahin | ||
| 082 | _a891.431 | ||
| 245 | 1 | 2 |
_aKabyanjali _cby Alakh Niranjan Sahay |
| 250 | _a2nd ed. | ||
| 260 |
_aDibrugarh: _bMahaveer publications, _c2010. |
||
| 300 | _aC18p. | ||
| 653 | _aEast Indo-European & Celtic literatures | ||
| 653 | _aHindi litearture | ||
| 653 | _aHindi poem | ||
| 700 | 1 |
_aSahay, Alakh Ranjan, _eAuthor. |
|
| 942 | _cBK | ||
| 999 |
_c8403 _d8403 |
||